Breaker's reef / (Registro nro. 12020)
[ vista simple ]
| 000 -LIDER | |
|---|---|
| fixed length control field | 00705cam a22002894a 4500 |
| 001 - NÚMERO DE CONTROL | |
| Identificador de número de control | 0871 |
| 003 - IDENTIFICACDOR DE NÚMERO DE CONTROL | |
| control field | DO-SdBNP |
| 005 - DATE AND TIME OF LATEST TRANSACTION | |
| control field | 20161122085533.0 |
| 007 - CAMPOS FIJOS DE DESCRIPCIÓN FÍSICA | |
| fixed length control field | 0871 |
| 008 - ELEMENTOS DE LONGITUD FIJA | |
| fixed length control field | 041025s2005 xx 000 1 eng |
| 010 ## - NUMERO DE CONTROL DE BIBLIOTECA DEL CONGRESO | |
| LC control number | 2004025174 |
| 020 ## - ISBN | |
| International Standard Book Number | 0310235952 |
| 040 ## - FUENTE DE CATALOGACIÓN | |
| Agencia que crea de manera original el registro | BPMSU |
| Agencia que realiza la transcripción | spa |
| Agencia que realiza la modificación | BPMSU |
| 041 ## - CÓDIGOS DE OBRAS TRADUCIDAS O EN VARIOS IDIOMAS | |
| Código del idioma del texto/archivo de sonido o separata | spa |
| Código del idioma del resumen, abstract o subtítulo | eng |
| 042 ## - CÓDIGO DE AUNTENTIFICACIÓN | |
| Authentication code | |
| 043 ## - CÓDIGO DE ÁREA GEOGRÁFICA | |
| Geographic area code | |
| 050 00 - NÚMERO DE CLASIFICACIÓN BIBLIOTECA DEL CONGRESO | |
| Classification number | |
| Item number | |
| 082 00 - NÚMERO DE CLASIFICACIÓN DECIMAL DE DEWEY | |
| Classification number | |
| Edition number | |
| 100 1# - ASIENTO PRINCIPAL -- NOMBRE PERSONAL | |
| Nombre personal | Blackstock, Terri, |
| Fechas asociadas con el nombre | 1957- |
| 245 10 - MENCIÓN DE TITULO | |
| Título | Breaker's reef / |
| Mención de responsabilidad | Terri Blackstock |
| 260 ## - PUBLICACIÓN, DISTRIBUCIÓN, ETC. (PIE DE IMPRENTA) | |
| Lugar de publicación, distribución, etc | Grand Rapids, Mich. : |
| Nombre del editor, distribuidor, etc. | Zondervan, |
| Fecha de publicación, distribución, etc | 2005. |
| 300 ## - DESCRIPCIÓN FÍSICA | |
| Extensión | 326 p. ; |
| Dimensiones | 22 cm. |
| Otros detalles físicos | |
| 490 1# - MENCIÓN DE SERIES | |
| Mención de serie | Cape Refuge series ; |
| Volume/sequential designation | book. 4 |
| 650 #0 - ENCABEZAMIENTO DE MATERIA--TEMÁTICO | |
| Término temático o nombre geográfico como elemento de entrada | |
| Subdivisión de forma | |
| 830 ## - ASIENTO SECUNDARIO DE SERIE--TÍTULO UNIFORME | |
| Título uniforme | Cape Refuge series ; |
| Nombre de la parte o sección de una obra | |
| Volume number/sequential designation | book 4. |
| 942 ## - ADDED ENTRY ELEMENTS (KOHA) | |
| Source of classification or shelving scheme | Dewey Decimal Classification |
| Koha item type | Libros |
| Withdrawn status | Lost status | Source of classification or shelving scheme | Damaged status | Not for loan | Collection code | Home library | Current library | Date acquired | Source of acquisition | Total Checkouts | Full call number | Barcode | Date last seen | Price effective from | Koha item type |
|---|---|---|---|---|---|---|---|---|---|---|---|---|---|---|---|
| Dewey Decimal Classification | Colección General | Biblioteca Pública Metropolitana Salomé Ureña | Biblioteca Pública Metropolitana Salomé Ureña | 11/22/2016 | Donación anónimo | BPMSU16111454 | 11/22/2016 | 11/22/2016 | Libros |